00842 a2200181 45000010006000000050017000060080041000230030015000640400040000790800027001192450082001460200022002282640043002503000019002935050315003120410008006271000025006352530320260407155537.0260407a2012 arg spa dAR-UNSa-BCEJYS aAR-UNSa-BCEJYSbspacAR-UNSa-BCEJYS a174xEtica Profesional10aBrechas éticas en las organizacionespsistemas virtuosos y tramas perversas a978-987-1486-64-9 1aBuenos Aires :bCengage Learningc2012 a204 p.c24 cm. a1. Los fundamentos éticos - 2. Etica en las organizaciones - 3. Racionalidad y subjetividad - 4. Armonías y disonancias - 5. La doble moral - 6. Vacío ético y corrupción - 7. Relaciones entre el discurso y la praxis - 8. Diálogo, cooperación y confianza - 9. La gestión socialmente responsable aspa1 aEtkin, Jorge Ricardo